00707nam a2200217Ia 4500003000900000008004100009020001800050040001600068080001500084100002300099245010800122260004800230300001600278650001800294650001600312650001100328700002600339942000700365999001700372952010000389IN-BaIIA211028s9999 xx 000 0 eng d a0-521-46836-1 cIIA Library a535.6bLYN aLynch, D. K920583 0aColor and light in naturecD. K Lynch and W. Livingston  aCambridgebCambridge University pressc1995 axiii, 254p. aAstronomy980 aLight92428 aOptics aLivingston, W.917422 cBK c11858d11858 00104070aBANbBANcGENd1996-08-23eSSB l0o535.6/ LYNp12774r2021-11-05w1996-08-23yBK